| 000 | 00393nam a2200145Ia 4500 | ||
|---|---|---|---|
| 008 | 230917s9999||||xx |||||||||||||| ||und|| | ||
| 040 |
_e652 _aMAIN |
||
| 041 | _aEnglish | ||
| 082 | _a616.8914 B414C | ||
| 100 | _aBelhk, Leopold | ||
| 245 | 0 | _aCrises and special problems in psychoanalysis and psychotherapy | |
| 260 |
_aNew York _bBrunner/Mazel _c1981 |
||
| 300 | _axiv, 249 p. | ||
| 942 | _cBK | ||
| 999 |
_c39322 _d39322 |
||